Detekcia vírusov pomocou biosenzora na báze nukleových kyselín, peptidov a protilátok s využitím rôznych nosičov

Saved in:
Bibliographic Details
Main Author: Steininger, Lukáš (Author)
Other Authors: Blaškovičová, Jana (Thesis advisor)
Format: Manuscript Book
Language:Slovak
Published: 2021
Subjects:
Online Access:http://is.stuba.sk/zp/portal_zp.pl?podrobnosti=151673
Tags: Add Tag
No Tags, Be the first to tag this record!

MARC

LEADER 00000ntm a22000003a 4500
001 stuzp84861
003 SK-STU
005 20210626211823.0
007 ta
008 150427s2015----xo-----f-mn---000-0-slo-d
040 |a STU  |b slo 
041 0 |a slo 
100 1 |a Steininger, Lukáš  |u 041000  |4 aut  |U FCHPT Fakulta chemickej a potravinárskej technológie  |T FCHPT Ústav analytickej chémie  |X 93495  |U C1000  |Y 99  |7 93495 
242 0 1 |a Detection of viruses using a biosensor based on nucleic acids, peptides and antibodies using various carriers  |y eng 
245 1 0 |a Detekcia vírusov pomocou biosenzora na báze nukleových kyselín, peptidov a protilátok s využitím rôznych nosičov 
260 |c 2021 
650 4 |a RNA vírusy  |2 slo 
650 4 |a spike proteín  |2 slo 
650 4 |a elektródové materiály  |2 slo 
650 4 |a biosenzory  |2 slo 
650 4 |a RNA viruses  |2 eng 
650 4 |a spike protein  |2 eng 
650 4 |a electrode materials  |2 eng 
650 4 |a biosensors  |2 eng 
700 1 |a Blaškovičová, Jana  |u 041000  |k Z1  |4 ths  |U FCHPT Fakulta chemickej a potravinárskej technológie  |T FCHPT Ústav analytickej chémie  |X 66699  |U C1000  |Y 99  |7 A0000066699 
856 4 |u http://is.stuba.sk/zp/portal_zp.pl?podrobnosti=151673